|
|
|
|
| LEADER |
01397nam a2200301 u 4500 |
| 001 |
10018419 |
| 003 |
GR-PaULI |
| 005 |
20210208110407.0 |
| 008 |
881025s1994 eng |
| 952 |
|
|
|0 0
|1 0
|2 ddc
|4 0
|6 Π_Σ_241_000000000000000_DUD
|7 0
|9 171479
|a LISP
|b LISP
|c REF
|d 2016-04-24
|i 37306
|l 0
|o Π/Σ 241 DUD
|p 025000259732
|r 2016-04-24 00:00:00
|t 1
|v 2016.00
|w 2016-04-24
|y BKN
|
| 952 |
|
|
|0 0
|1 0
|2 ddc
|4 0
|6 Π_Σ_241_000000000000000_DUD
|7 0
|9 171480
|a LISP
|b LISP
|c REF
|d 2016-04-24
|i 37314
|l 0
|o Π/Σ 241 DUD
|p 025000259736
|r 2016-04-24 00:00:00
|t 2
|v 2016.00
|w 2016-04-24
|y BKN
|
| 999 |
|
|
|c 107287
|d 107287
|
| 020 |
|
|
|a 0415081068
|
| 040 |
|
|
|a GR-PaULI
|c GR-PaULI
|b gre
|e AACR2
|
| 041 |
0 |
|
|a eng
|
| 082 |
0 |
4 |
|a 241
|2 23
|
| 100 |
1 |
|
|a Dudgeon, William,
|d 1753-1813
|e συγγραφέας.
|9 141535
|
| 240 |
|
|
|a Philosophical works of Mr. William Dudgen
|
| 245 |
1 |
4 |
|a The philosophical works and some additional letters to the revd. Mr. Jackson's answers to them /
|c William Dudgeon.
|
| 260 |
|
|
|a London :
|b Routledge/Thoemmes Press,
|c 1994.
|
| 300 |
|
|
|a x, 224, 54 σ. ;
|c 23 εκ.
|
| 490 |
1 |
|
|a History of British philosophy
|
| 490 |
1 |
|
|a The Scottish enlightenment. Third series
|v
|
| 650 |
|
4 |
|9 11875
|a Χριστιανική ηθική
|
| 830 |
|
|
|9 172918
|a History of British philosophy
|
| 830 |
|
|
|9 172919
|a The Scottish enlightenment.
|p Third series
|v
|
| 942 |
|
|
|2 ddc
|c BKN
|
| 998 |
|
|
|c ΜΠΟΥΡΑΣ
|d 2018-12
|